000 01093nam a2200337Ia 4500
000 nam a22 i 4500
001 UNACH-4725
007 ta
008 221212s ||||fr|||| 00| | spa d
020 _a978-968-422-972-3
041 0 _aspa
082 0 4 _a660.092
_bIngenieros químicos
100 1 _aPerry, Robert H.,
_eautor
245 1 0 _aPerry manual del ingeniero químico
250 _a6a ed
264 3 1 _a[México] :
_aD.T México :
_bMcGraw-Hill Interamericana,
_c1992
300 _a720 páginas, Tomo II :
_bilustraciones, tablas, gráficos
336 _atexto
_btxt
_2rdacontent
337 _ano mediado
_bn
_2rdamedia
338 _avolumen
_bnc
_2rdacarrier
504 _aIncluye indice.
505 0 _aCinética de las reacciones.-- Mecánica de fluidos y de partículas.-- Manejos de sólidos.-- Reducción y aumentos de tamaño.
650 1 4 _aMATEMATICA
650 2 4 _aINGENIERIA QUIMICA
650 2 4 _aMANUAL QUIMICO
653 0 _aIngenieros químicos
700 1 _aGreen, Don W.,
_eautor
700 1 _aMaloney, James O.,
_eautor
942 _2ddc
_c1
_n0
999 _c3760
_d3760